[Event "6th K. Asrian Memorial"]
[Site "Jermuk"]
[Date "2013.06.20"]
[Round "5"]
[Board "12"]
[White "Kalashian, David"]
[Black "Mikaelyan, Arman"]
[Result "1/2-1/2"]
[WhiteElo "2419"]
[BlackElo "2215"]
[PlyCount "132"]
[EventDate "2013.06.16"]
[EventRounds "9"]
[EventCountry "ARM"]

1. e4 Nf6 2. e5 Nd5 3. g3 d6 4. exd6 cxd6 5. Bg2 Nb6 6. Ne2 g6 7. d4 Bg7 8. c4
O-O 9. b3 Nc6 10. O-O Bg4 11. f3 Bf5 12. Bb2 d5 13. c5 Nc8 14. g4 Bxb1 15. Rxb1
e6 16. f4 Qh4 17. Ng3 N8e7 18. Bc3 h6 19. b4 b5 20. Kh1 a5 21. a4 Rab8 22. axb5
Rxb5 23. bxa5 Rxb1 24. Qxb1 Qxg4 25. a6 h5 26. Be1 Nc8 27. h3 Qh4 28. Nf5 Qf6
29. Nxg7 Kxg7 30. Qd1 N8a7 31. f5 exf5 32. Bxd5 Rd8 33. Bg2 Nxd4 34. Qa1 Kh7
35. Ba5 Rd7 36. Bb6 f4 37. Qa4 Qf5 38. Qd1 f3 39. Rxf3 Nxf3 40. Qxf3 Qe6 41.
Kh2 Qe5+ 42. Qg3 Qe2 43. Qf4 Qxa6 44. c6 Nxc6 45. Bxc6 Re7 46. Bc5 Qe2+ 47. Kg3
Qe1+ 48. Kg2 Re2+ 49. Bf2 Rxf2+ 50. Qxf2 Qxf2+ 51. Kxf2 Kg7 52. Kg3 Kf6 53. Bd5
Kg7 54. Kf4 f6 55. Bc6 Kh6 56. Be8 Kg7 57. Ke4 Kh6 58. Kf4 Kg7 59. Bd7 Kh6 60.
Bc8 Kg7 61. Ke4 Kh6 62. Kd5 Kg5 63. Ke6 Kh4 64. Kxf6 g5 65. Kg6 g4 66. hxg4
hxg4 1/2-1/2

[Event "6th K. Asrian Memorial"]
[Site "Jermuk"]
[Date "2013.06.20"]
[Round "5"]
[Board "13"]
[White "Abdumalik, Zhansaya"]
[Black "Hovhannisyan, Karen"]
[Result "1-0"]
[WhiteElo "2250"]
[BlackElo "2107"]
[PlyCount "67"]
[EventDate "2013.06.16"]
[EventRounds "9"]
[EventCountry "ARM"]

1. e4 c5 2. Nf3 e6 3. d4 cxd4 4. Nxd4 a6 5. Nc3 Qc7 6. Bd3 Nf6 7. f4 d6 8. O-O
Nc6 9. Nb3 b5 10. Qf3 Bb7 11. Be3 Na5 12. Rae1 Nc4 13. Bc1 Rc8 14. Kh1 Be7 15.
Qg3 g6 16. Qh3 b4 17. Nd1 d5 18. f5 dxe4 19. Bxc4 Qxc4 20. fxg6 fxg6 21. Bg5
O-O 22. Ne3 Qc7 23. Qxe6+ Kg7 24. Nd4 Ng8 25. Qh3 Rxf1+ 26. Rxf1 Qe5 27. Ne6+
Kh8 28. Rf7 h5 29. Bxe7 Bd5 30. Ng5 Nxe7 31. Rxe7 Rxc2 32. Nxc2 Qxe7 33. Qe3
Kg8 34. h4 1-0

[Event "6th K. Asrian Memorial"]
[Site "Jermuk"]
[Date "2013.06.20"]
[Round "5"]
[Board "15"]
[White "Imnadze, Nato"]
[Black "Gasparian, Tigran"]
[Result "1/2-1/2"]
[WhiteElo "2059"]
[BlackElo "2181"]
[PlyCount "117"]
[EventDate "2013.06.16"]
[EventRounds "9"]
[EventCountry "ARM"]

1. e4 c5 2. Nc3 Nc6 3. g3 Rb8 4. a4 a6 5. Bg2 b5 6. axb5 axb5 7. d3 g6 8. Be3
d6 9. f4 b4 10. Nce2 e5 11. Nf3 Bg7 12. fxe5 Nxe5 13. Nxe5 Bxe5 14. d4 cxd4 15.
Nxd4 Ne7 16. O-O O-O 17. Qd2 Qc7 18. Ra4 Nc6 19. Nxc6 Qxc6 20. Rxb4 Rxb4 21.
Qxb4 Qxc2 22. Bd4 Ba6 23. Ra1 Be2 24. Bxe5 dxe5 25. Qc3 Qxc3 26. bxc3 Rd8 27.
Rc1 Rd2 28. c4 Kf8 29. c5 Ke7 30. Bh3 Rd1+ 31. Rxd1 Bxd1 32. Kf2 Kd8 33. Bf1
Bb3 34. g4 f6 35. Bb5 Kc7 36. Ke3 Be6 37. h3 g5 38. Kd3 Bf7 39. Bc4 Be8 40. Bd5
Bb5+ 41. Bc4 Be8 42. Bg8 Bg6 43. Bd5 h5 44. Kc3 hxg4 45. hxg4 Be8 46. c6 Kd6
47. Kc4 Bg6 48. Kb5 Kc7 49. Kc4 Kb6 50. Kb4 Be8 51. Kc4 Bg6 52. Kb4 Bh7 53. Kc4
Kc7 54. Kc5 Bg6 55. Kc4 Kd6 56. Kb5 Kc7 57. Kc4 Be8 58. Kc5 Bg6 59. Kc4 1/2-1/2

[Event "6th K. Asrian Memorial"]
[Site "Jermuk"]
[Date "2013.06.20"]
[Round "5"]
[Board "18"]
[White "Petrosyan, Manuel"]
[Black "Hovsepyan, David"]
[Result "1-0"]
[WhiteElo "2341"]
[BlackElo "1996"]
[PlyCount "87"]
[EventDate "2013.06.16"]
[EventRounds "9"]
[EventCountry "ARM"]

1. d4 Nf6 2. c4 e6 3. Nc3 Bb4 4. Qc2 O-O 5. a3 Bxc3+ 6. Qxc3 b6 7. f3 Ba6 8. e4
c5 9. dxc5 bxc5 10. e5 Ne8 11. Be3 Qc7 12. Bd3 d5 13. exd6 Nxd6 14. Ne2 Nd7 15.
O-O e5 16. b3 Rae8 17. Rad1 Re6 18. Bb1 Bb7 19. Qc2 f5 20. Nc3 Qd8 21. b4 Qc8
22. Nb5 Nxb5 23. cxb5 c4 24. Ba2 Nb6 25. Bxb6 Rxb6 26. Qxc4+ Kh8 27. Qxc8 Rxc8
28. a4 h6 29. Bd5 Bxd5 30. Rxd5 Rc4 31. Rb1 Re6 32. a5 Rc2 33. Re1 e4 34. Rxf5
Rd6 35. fxe4 Rdd2 36. Rh5 Rxg2+ 37. Kh1 Kh7 38. e5 Kg6 39. Rh3 Kf7 40. e6+ Ke7
41. b6 axb6 42. axb6 Rgf2 43. b7 Rf8 44. Rf3 1-0

[Event "6th K. Asrian Memorial"]
[Site "Jermuk"]
[Date "2013.06.21"]
[Round "6"]
[Board "1"]
[White "Hovhannisyan, Robert"]
[Black "Andriasian, Zaven"]
[Result "1/2-1/2"]
[WhiteElo "2610"]
[BlackElo "2610"]
[PlyCount "54"]
[EventDate "2013.06.16"]
[EventRounds "9"]
[EventCountry "ARM"]

1. e4 c5 2. Nf3 d6 3. d4 cxd4 4. Nxd4 Nf6 5. Nc3 a6 6. Bg5 e6 7. f4 Qb6 8. Qd2
Qxb2 9. Rb1 Qa3 10. e5 h6 11. Bh4 dxe5 12. fxe5 Nd5 13. Nxd5 exd5 14. e6 Bxe6
15. Rxb7 Nd7 16. Bb5 axb5 17. Nxb5 Be7 18. Nxa3 Bxh4+ 19. g3 Bg5 20. Qb4 Be7
21. Qb5 Rxa3 22. O-O Bc5+ 23. Kh1 O-O 24. Rxd7 Bxd7 25. Qxc5 Rxa2 26. Qxd5 Be6
27. Qd3 Ra4 1/2-1/2

[Event "6th K. Asrian Memorial"]
[Site "Jermuk"]
[Date "2013.06.21"]
[Round "6"]
[Board "2"]
[White "Chibukhchian, Artur"]
[Black "Fier, Alexandr"]
[Result "0-1"]
[WhiteElo "2450"]
[BlackElo "2609"]
[PlyCount "106"]
[EventDate "2013.06.16"]
[EventRounds "9"]
[EventCountry "ARM"]

1. d4 Nf6 2. c4 g6 3. Nc3 Bg7 4. Nf3 O-O 5. e4 d6 6. Be2 e5 7. dxe5 dxe5 8.
Qxd8 Rxd8 9. Bg5 c6 10. Nxe5 Re8 11. O-O-O Na6 12. Rd6 Be6 13. f4 Nc5 14. Bxf6
Bxf6 15. Rhd1 a5 16. b3 Kf8 17. Kc2 Ke7 18. a3 g5 19. g3 gxf4 20. gxf4 Bxe5 21.
fxe5 Rg8 22. R1d2 Rg1 23. h4 Rg3 24. R2d4 Rh3 25. b4 axb4 26. axb4 Na6 27. c5
Rxh4 28. Bxa6 Rxa6 29. b5 cxb5 30. Rb4 Ra5 31. Rb6 Rh2+ 32. Kb1 Ra3 33. Nd5+
Kf8 34. Rxb7 Rd3 35. Ka1 Bxd5 36. exd5 Rxd5 37. R4xb5 Rxe5 38. Rb8+ Kg7 39. c6
Rxb5 40. Rxb5 Rc2 41. Rb6 h5 42. Kb1 Rc5 43. Ka2 h4 44. Ka3 h3 45. Rb3 Rxc6 46.
Rxh3 f5 47. Kb4 Kg6 48. Rh8 f4 49. Rf8 Kg5 50. Rg8+ Kh4 51. Rh8+ Kg3 52. Rg8+
Kf2 53. Kb3 f3 0-1

[Event "6th K. Asrian Memorial"]
[Site "Jermuk"]
[Date "2013.06.21"]
[Round "6"]
[Board "3"]
[White "Babujian, Levon"]
[Black "Postny, Evgeny"]
[Result "1/2-1/2"]
[WhiteElo "2488"]
[BlackElo "2645"]
[PlyCount "144"]
[EventDate "2013.06.16"]
[EventRounds "9"]
[EventCountry "ARM"]

1. d4 d5 2. c4 c6 3. Nc3 Nf6 4. cxd5 cxd5 5. Bf4 Nc6 6. e3 Bg4 7. Qb3 Na5 8.
Qa4+ Bd7 9. Bb5 Nc6 10. Nf3 e6 11. Ne5 Nxe5 12. dxe5 a6 13. Bxd7+ Nxd7 14. O-O
b5 15. Qd1 Be7 16. Rc1 O-O 17. Qg4 Kh8 18. Rfd1 Rc8 19. e4 dxe4 20. Nxe4 Rxc1
21. Rxc1 Nb6 22. Nd6 Qd7 23. Qh5 Nd5 24. Bg3 Bxd6 25. exd6 Rc8 26. Rd1 Kg8 27.
h3 Rc4 28. Qe2 h6 29. Kh2 Nf6 30. b3 Rc6 31. Be5 Ne8 32. Qe4 Rc8 33. a4 f6 34.
Bf4 f5 35. Qe3 Nf6 36. axb5 axb5 37. Be5 Nd5 38. Qd4 Ra8 39. Rd3 Kh7 40. f4 Qa7
41. Rg3 g6 42. Qd3 Qb7 43. Qe2 Rg8 44. b4 Ra8 45. Rb3 Rg8 46. Ra3 g5 47. Qa2
Kg6 48. Ra7 Qc8 49. d7 Qd8 50. fxg5 Qxg5 51. Qf2 Rd8 52. Bg3 Qe7 53. Be5 Kf7
54. Qe2 Qg5 55. Bg3 f4 56. Bf2 Ne3 57. Qf3 Nd5 58. Qd3 Nf6 59. Qd4 Nd5 60. Rb7
Qf6 61. Qd3 Qg6 62. Qd4 Qf6 63. Qe4 Qg6 64. Qe5 Qg5 65. Qh8 f3 66. Qh7+ Kf6 67.
gxf3 Qf4+ 68. Kg2 Qg5+ 69. Kh2 Qd2 70. Kg1 Qc1+ 71. Kg2 Qg5+ 72. Kh2 Qf4+
1/2-1/2

[Event "6th K. Asrian Memorial"]
[Site "Jermuk"]
[Date "2013.06.21"]
[Round "6"]
[Board "4"]
[White "Ter-Sahakyan, Samvel"]
[Black "Gorovets, Andrey"]
[Result "1/2-1/2"]
[WhiteElo "2582"]
[BlackElo "2470"]
[PlyCount "88"]
[EventDate "2013.06.16"]
[EventRounds "9"]
[EventCountry "ARM"]

1. e4 c5 2. Nf3 Nc6 3. d4 cxd4 4. Nxd4 g6 5. Nc3 Bg7 6. Be3 Nf6 7. Bc4 Qa5 8.
O-O O-O 9. Bb3 d6 10. h3 Bd7 11. f4 Nxd4 12. Bxd4 Bc6 13. Nd5 Rae8 14. Qd3 Nxd5
15. exd5 Bb5 16. c4 Bxd4+ 17. Qxd4 Bd7 18. Rae1 e6 19. dxe6 Rxe6 20. Rxe6 Bxe6
21. Qxd6 Rd8 22. Qe7 Rd7 23. Qg5 Qxg5 24. fxg5 Rd4 25. Rd1 Rxd1+ 26. Bxd1 Bxc4
27. b3 Ba6 28. Kf2 f6 29. h4 Kf7 30. Ke3 fxg5 31. hxg5 Ke6 32. Ke4 b6 33. Bg4+
Kd6 34. Kd4 Bb7 35. g3 b5 36. b4 Bd5 37. a3 Bf7 38. Be2 Be8 39. Bd3 Bc6 40. Bf1
Bd7 41. Bg2 Be6 42. Bb7 Bf7 43. Be4 Be6 44. Bd3 Bd7 1/2-1/2

[Event "6th K. Asrian Memorial"]
[Site "Jermuk"]
[Date "2013.06.21"]
[Round "6"]
[Board "6"]
[White "Hayrapetyan, Hovik"]
[Black "Baghdasaryan, Vahe"]
[Result "0-1"]
[WhiteElo "2502"]
[BlackElo "2387"]
[PlyCount "74"]
[EventDate "2013.06.16"]
[EventRounds "9"]
[EventCountry "ARM"]

1. d4 d5 2. Nf3 Nf6 3. e3 Bf5 4. c4 c6 5. Nc3 e6 6. Qb3 Qc7 7. Bd2 Bd6 8. Rc1
a6 9. Nh4 Be4 10. f3 Bg6 11. f4 Nbd7 12. Nxg6 hxg6 13. g3 g5 14. Bg2 gxf4 15.
gxf4 Rh5 16. Bf3 Rh3 17. Bg2 Rh5 18. h4 dxc4 19. Qxc4 O-O-O 20. Bf3 Rh6 21. b4
Kb8 22. Qb3 e5 23. e4 exd4 24. Ne2 Nxe4 25. Bxe4 Re8 26. Qd3 Rhe6 27. Bf3 Bxf4
28. Bxf4 Qxf4 29. O-O Qxh4 30. Rf2 Ne5 31. Qe4 Nxf3+ 32. Qxf3 Rxe2 33. Rxe2
Rxe2 34. Qxe2 Qg5+ 35. Kf2 Qxc1 36. Qe5+ Ka8 37. Qxd4 Qg5 0-1

[Event "6th K. Asrian Memorial"]
[Site "Jermuk"]
[Date "2013.06.21"]
[Round "6"]
[Board "7"]
[White "Bakunts, Rafael"]
[Black "Vardanian, Hakob"]
[Result "0-1"]
[WhiteElo "2257"]
[BlackElo "2260"]
[PlyCount "110"]
[EventDate "2013.06.16"]
[EventRounds "9"]
[EventCountry "ARM"]

1. e4 c5 2. Nf3 d6 3. Nc3 e5 4. Bc4 Be7 5. d3 Nc6 6. Nd2 Bg5 7. Nf1 Bxc1 8.
Rxc1 Nf6 9. Ne3 Be6 10. O-O O-O 11. Ncd5 Bxd5 12. Nxd5 Nxd5 13. Bxd5 Ne7 14.
Bb3 Ng6 15. g3 Kh8 16. Qh5 Qd7 17. c3 f5 18. exf5 Rxf5 19. Qg4 Raf8 20. Bd5 h5
21. Qe2 Rg5 22. Kh1 Ne7 23. Bg2 h4 24. f4 exf4 25. gxf4 Rg4 26. Rce1 Ng8 27.
Qe4 Qf7 28. Qxb7 h3 29. Bd5 Qxb7 30. Bxb7 Rgxf4 31. Rxf4 Rxf4 32. Kg1 Nf6 33.
Re3 Rg4+ 34. Kf1 Rh4 35. Re6 d5 36. Bc8 Rf4+ 37. Ke2 g5 38. Re5 g4 39. Rg5 Kh7
40. Bf5+ Kh6 41. Rg6+ Kh5 42. Rxf6 Kg5 43. Rf7 Rxf5 44. Rxa7 Re5+ 45. Kf2 Rf5+
46. Kg1 Rf3 47. a4 Rxd3 48. Rb7 Rd1+ 49. Kf2 Rd2+ 50. Kg1 Rg2+ 51. Kh1 d4 52.
cxd4 cxd4 53. Rd7 Rxb2 54. Rd5+ Kh4 55. Kg1 Rg2+ 0-1

[Event "6th K. Asrian Memorial"]
[Site "Jermuk"]
[Date "2013.06.21"]
[Round "6"]
[Board "8"]
[White "Melkumyan, Hrant"]
[Black "Gevorgyan, Maria"]
[Result "1-0"]
[WhiteElo "2635"]
[BlackElo "2135"]
[PlyCount "109"]
[EventDate "2013.06.16"]
[EventRounds "9"]
[EventCountry "ARM"]

1. d4 d5 2. c4 dxc4 3. e3 e6 4. Bxc4 Nf6 5. Nf3 a6 6. O-O c5 7. dxc5 Qxd1 8.
Rxd1 Bxc5 9. Be2 Nc6 10. Nc3 b5 11. Bd2 Bb6 12. Rac1 Bd7 13. Be1 Ke7 14. a4 b4
15. Na2 Nd5 16. e4 Nf4 17. Bf1 b3 18. Nb4 Nb8 19. a5 Bxa5 20. Rxd7+ Kxd7 21.
Ne5+ Ke8 22. Rc8+ Bd8 23. Nec6 Kd7 24. Rxb8 Bc7 25. Rxh8 Rxh8 26. Bxa6 Ra8 27.
Nd4 Ba5 28. Bb5+ Kc7 29. Nxb3 Kb6 30. Bf1 Bxb4 31. Bxb4 Ra4 32. Bc5+ Kc6 33. g3
Ng6 34. f4 f6 35. Ba3 e5 36. f5 Nh8 37. Bf8 g6 38. Bg7 Nf7 39. fxg6 hxg6 40.
Bxf6 Rb4 41. Na5+ Kd7 42. Nc4 Ke6 43. Bg7 Ng5 44. Nxe5 Rb7 45. Bh6 Nxe4 46. Nd3
Rb8 47. Be3 Rd8 48. Nc5+ Nxc5 49. Bxc5 Rd2 50. b4 Rb2 51. b5 g5 52. b6 g4 53.
Bf2 Rb1 54. Kg2 Rb2 55. Ba6 1-0

[Event "6th K. Asrian Memorial"]
[Site "Jermuk"]
[Date "2013.06.21"]
[Round "6"]
[Board "9"]
[White "Mikaelyan, Arman"]
[Black "Gabuzyan, Hovhannes"]
[Result "1/2-1/2"]
[WhiteElo "2215"]
[BlackElo "2533"]
[PlyCount "63"]
[EventDate "2013.06.16"]
[EventRounds "9"]
[EventCountry "ARM"]

1. d4 Nf6 2. Nf3 g6 3. g3 Bg7 4. Bg2 O-O 5. O-O c5 6. c4 d6 7. Nc3 cxd4 8. Nxd4
Qc7 9. b3 Nc6 10. Bb2 Nxd4 11. Qxd4 Be6 12. Qd2 a6 13. Rac1 Rfc8 14. Na4 Nd7
15. Bxg7 Kxg7 16. Rfd1 Rab8 17. h4 h5 18. Qg5 Qd8 19. c5 b5 20. cxb6 Rxc1 21.
Rxc1 Nxb6 22. Nxb6 Rxb6 23. Qa5 Qb8 24. Qc3+ Kg8 25. Qc7 Qxc7 26. Rxc7 Rb5 27.
Rb7 Rc5 28. Rb6 a5 29. Rc6 Kg7 30. Kf1 Kf6 31. Ke1 Ke5 32. Kd2 1/2-1/2

[Event "6th K. Asrian Memorial"]
[Site "Jermuk"]
[Date "2013.06.21"]
[Round "6"]
[Board "11"]
[White "Minasian, Artashes"]
[Black "Kalashian, David"]
[Result "0-1"]
[WhiteElo "2505"]
[BlackElo "2419"]
[PlyCount "132"]
[EventDate "2013.06.16"]
[EventRounds "9"]
[EventCountry "ARM"]

1. e4 c5 2. Nc3 d6 3. f4 g6 4. Nf3 Bg7 5. Bc4 Nc6 6. O-O Nf6 7. d3 O-O 8. f5 e6
9. fxg6 fxg6 10. Qe1 d5 11. Bb3 Nd4 12. Nxd4 cxd4 13. Nd1 dxe4 14. dxe4 Kh8 15.
Nf2 b6 16. Nd3 Bb7 17. Bg5 Qe8 18. Rf4 Qb5 19. Bxf6 Rxf6 20. Rxf6 Bxf6 21. e5
Bg5 22. Qg3 Be3+ 23. Kh1 Rf8 24. h4 Qc6 25. Re1 Rf5 26. Qg4 Rh5 27. Re2 Qe4 28.
Qxe4 Bxe4 29. Kh2 Rxh4+ 30. Kg3 Rh1 31. Nf2 Bxf2+ 32. Rxf2 Bf5 33. Rd2 Re1 34.
Rxd4 Rxe5 35. Rd8+ Kg7 36. Rd7+ Kh6 37. Rxa7 g5 38. a4 Kg6 39. Rb7 h5 40. Rxb6
h4+ 41. Kf2 g4 42. g3 h3 43. Bc4 Kf6 44. Bd3 Bxd3 45. cxd3 Re2+ 46. Kg1 Rg2+
47. Kh1 Rxg3 48. Rc6 Rxd3 49. Rc1 e5 50. a5 e4 51. a6 e3 52. a7 Rd8 53. Kh2 Ra8
54. Kg3 Kf5 55. Rc7 e2 56. Re7 Rxa7 57. Rxe2 Rb7 58. Rc2 Rb3+ 59. Kh4 Kf4 60.
Rf2+ Ke3 61. Kg3 Rb4 62. Rf8 Re4 63. Rf7 Kd3 64. Rf8 Re1 65. Rf2 Re2 66. Rxe2
Kxe2 0-1

[Event "6th K. Asrian Memorial"]
[Site "Jermuk"]
[Date "2013.06.21"]
[Round "6"]
[Board "12"]
[White "Barseghyan, Harutyun"]
[Black "Abdumalik, Zhansaya"]
[Result "1/2-1/2"]
[WhiteElo "1988"]
[BlackElo "2250"]
[PlyCount "118"]
[EventDate "2013.06.16"]
[EventRounds "9"]
[EventCountry "ARM"]

1. d4 Nf6 2. Nf3 e6 3. c4 d5 4. Bg5 h6 5. Bxf6 Qxf6 6. e3 Bb4+ 7. Nbd2 O-O 8.
a3 Bxd2+ 9. Qxd2 Nc6 10. b4 Ne7 11. Rc1 c6 12. Ne5 Ng6 13. Nxg6 Qxg6 14. f4 e5
15. dxe5 Bf5 16. cxd5 cxd5 17. Bb5 a6 18. Ba4 Bd3 19. Bc2 Bxc2 20. Qxc2 Qb6 21.
Qc5 Qe6 22. O-O Rac8 23. Qa7 Qd7 24. Qd4 Qa4 25. Rc3 Rc4 26. Rxc4 dxc4 27. f5
Qxa3 28. f6 Qd3 29. fxg7 Kxg7 30. Qf4 b5 31. h3 Qg6 32. Rf3 Kh7 33. Rg3 Qe6 34.
Qe4+ f5 35. Qd4 Re8 36. Qa7+ Re7 37. Qb8 Rd7 38. e4 f4 39. Rf3 Qf7 40. e6 Qxe6
41. Qxf4 Re7 42. Qf8 Rg7 43. Qf4 Qg6 44. Rf2 Rd7 45. e5 c3 46. Kh2 c2 47. e6
Qxe6 48. Rxc2 Qd6 49. Qxd6 Rxd6 50. g4 Kg6 51. Rf2 Rc6 52. Kg3 Rc3+ 53. Kh4 Rc4
54. Ra2 Rc6 55. Rf2 Rd6 56. Rf3 Re6 57. Rf2 Rc6 58. Rf3 Rd6 59. Rf2 Re6 1/2-1/2

[Event "6th K. Asrian Memorial"]
[Site "Jermuk"]
[Date "2013.06.21"]
[Round "6"]
[Board "13"]
[White "Gharagyozyan, Artur"]
[Black "Mkrtchian, Lilit"]
[Result "1/2-1/2"]
[WhiteElo "2260"]
[BlackElo "2466"]
[PlyCount "23"]
[EventDate "2013.06.16"]
[EventRounds "9"]
[EventCountry "ARM"]

1. e4 c6 2. Nc3 d5 3. Nf3 Nf6 4. e5 Ne4 5. Be2 Nxc3 6. dxc3 Bg4 7. h3 Bxf3 8.
Bxf3 e6 9. O-O Nd7 10. Qe2 Be7 11. Bg4 O-O 12. f4 1/2-1/2

[Event "6th K. Asrian Memorial"]
[Site "Jermuk"]
[Date "2013.06.21"]
[Round "6"]
[Board "14"]
[White "Harutyunian, Tigran K."]
[Black "Imnadze, Nato"]
[Result "1-0"]
[WhiteElo "2359"]
[BlackElo "2059"]
[PlyCount "87"]
[EventDate "2013.06.16"]
[EventRounds "9"]
[EventCountry "ARM"]

1. d4 d5 2. c4 c6 3. Nf3 Nf6 4. Nc3 e6 5. Bg5 dxc4 6. e4 b5 7. e5 h6 8. Bh4 g5
9. Nxg5 hxg5 10. Bxg5 Nbd7 11. g3 Bb7 12. Bg2 Qb6 13. exf6 c5 14. d5 O-O-O 15.
O-O b4 16. Rb1 Qa6 17. dxe6 Bxg2 18. e7 Bxf1 19. Kxf1 Bh6 20. Bxh6 Rxh6 21. Ne4
c3+ 22. Kg1 Rdh8 23. Nd6+ Kc7 24. e8=Q Rxe8 25. Nxe8+ Kd8 26. Nd6 Rxf6 27. Ne4
Rf5 28. bxc3 Qe6 29. Qc2 Re5 30. Nd2 Re2 31. Qd3 a5 32. Rd1 Re1+ 33. Rxe1 Qxe1+
34. Kg2 c4 35. Qd4 Qa1 36. Nxc4 Qxc3 37. Qxc3 bxc3 38. Nxa5 Nc5 39. Nc6+ Kc7
40. Nd4 Kb6 41. Kf3 Ne6 42. Ne2 c2 43. Ke3 Ng5 44. f4 1-0

[Event "6th K. Asrian Memorial"]
[Site "Jermuk"]
[Date "2013.06.22"]
[Round "7"]
[Board "1"]
[White "Vardanian, Hakob"]
[Black "Hovhannisyan, Robert"]
[Result "0-1"]
[WhiteElo "2260"]
[BlackElo "2610"]
[PlyCount "100"]
[EventDate "2013.06.16"]
[EventRounds "9"]
[EventCountry "ARM"]

1. Nf3 d5 2. g3 Nc6 3. Bg2 e5 4. d3 Nf6 5. O-O Be7 6. c4 O-O 7. cxd5 Nxd5 8.
Nc3 Be6 9. Bd2 Qd7 10. Rc1 Rad8 11. Ne4 Bh3 12. Bxh3 Qxh3 13. Qb3 Qc8 14. Nc5
Nb6 15. a4 Rd5 16. Be3 Rfd8 17. Qa2 a5 18. Qb3 Nd4 19. Bxd4 exd4 20. Ne4 Bb4
21. Qc2 c6 22. Ned2 Bxd2 23. Qxd2 Nxa4 24. Rc2 Nb6 25. Ra1 a4 26. b3 axb3 27.
Rb2 Nd7 28. Rxb3 Ne5 29. Ra7 Nxf3+ 30. exf3 Qh3 31. Rbxb7 Rh5 32. Qf4 Qxh2+ 33.
Kf1 Qh3+ 34. Ke2 Qe6+ 35. Kd2 Rf5 36. Rb8 Rfd5 37. Qc7 Re8 38. Rxe8+ Qxe8 39.
Ra6 c5 40. Rb6 Rd8 41. Qxc5 g6 42. Rb7 Qa4 43. Qc4 Qa5+ 44. Ke2 Qf5 45. f4 Rc8
46. Rc7 Qh5+ 47. f3 Re8+ 48. Kf2 Qh2+ 49. Kf1 Qh1+ 50. Kf2 Qe1+ 0-1

[Event "6th K. Asrian Memorial"]
[Site "Jermuk"]
[Date "2013.06.22"]
[Round "7"]
[Board "2"]
[White "Andriasian, Zaven"]
[Black "Fier, Alexandr"]
[Result "1/2-1/2"]
[WhiteElo "2610"]
[BlackElo "2609"]
[PlyCount "38"]
[EventDate "2013.06.16"]
[EventRounds "9"]
[EventCountry "ARM"]

1. e4 c5 2. Nf3 d6 3. d4 cxd4 4. Nxd4 Nf6 5. Nc3 g6 6. Be2 Bg7 7. O-O O-O 8.
Bg5 Nc6 9. Nb3 Be6 10. Re1 Rc8 11. Bf1 Nd7 12. Qd2 Re8 13. Rab1 Nb6 14. Nd5 Ne5
15. c3 Nec4 16. Bxc4 Nxc4 17. Qe2 Qd7 18. Nd2 b5 19. Nxc4 Rxc4 1/2-1/2

[Event "6th K. Asrian Memorial"]
[Site "Jermuk"]
[Date "2013.06.22"]
[Round "7"]
[Board "4"]
[White "Postny, Evgeny"]
[Black "Khomeriki, Nino"]
[Result "1/2-1/2"]
[WhiteElo "2645"]
[BlackElo "2066"]
[PlyCount "109"]
[EventDate "2013.06.16"]
[EventRounds "9"]
[EventCountry "ARM"]

1. d4 Nf6 2. c4 e6 3. g3 c5 4. d5 d6 5. Nc3 exd5 6. cxd5 g6 7. Bg2 Bg7 8. Nf3
O-O 9. O-O a6 10. a4 Re8 11. Bf4 h6 12. Qc1 Kh7 13. Re1 Qc7 14. e4 Nbd7 15. b3
Ng4 16. Qc2 Rb8 17. a5 b5 18. axb6 Qxb6 19. Rab1 Nde5 20. Na4 Qa7 21. Nb2 f5
22. Nxe5 Nxe5 23. Bxe5 Bxe5 24. Nc4 fxe4 25. Bxe4 Qf7 26. f4 Bd4+ 27. Kg2 Bf5
28. Nxd6 Rxe4 29. Nxe4 Qxd5 30. Re2 Re8 31. Rbe1 Bg4 32. h3 Bxe2 33. Rxe2 Kg7
34. Qd3 h5 35. Qf3 Re7 36. g4 hxg4 37. hxg4 Rb7 38. Nd2 Qxf3+ 39. Kxf3 Bc3 40.
Nc4 Bd4 41. Re6 Rxb3+ 42. Ke4 Rc3 43. Kd5 Rd3 44. Ke4 Rc3 45. Ne5 Bxe5 46. fxe5
Rc4+ 47. Kd5 Rxg4 48. Rxa6 Rg1 49. Ra7+ Kh6 50. e6 Re1 51. e7 Kg5 52. Kxc5 Kf6
53. Kd4 Rxe7 54. Rxe7 Kxe7 55. Ke5 1/2-1/2

[Event "6th K. Asrian Memorial"]
[Site "Jermuk"]
[Date "2013.06.22"]
[Round "7"]
[Board "5"]
[White "Aghasaryan, Robert"]
[Black "Melkumyan, Hrant"]
[Result "1/2-1/2"]
[WhiteElo "2470"]
[BlackElo "2635"]
[PlyCount "70"]
[EventDate "2013.06.16"]
[EventRounds "9"]
[EventCountry "ARM"]

1. e4 e5 2. Nf3 Nc6 3. d4 exd4 4. Nxd4 Qf6 5. Nxc6 dxc6 6. Bd3 Bc5 7. Qf3 Qe7
8. Nd2 Nf6 9. h3 Be6 10. Nb3 Bb6 11. Bd2 c5 12. c4 Nd7 13. Bc3 f6 14. e5 Nxe5
15. Bxe5 fxe5 16. Qxb7 Rd8 17. Qe4 Qg5 18. Rd1 Rf8 19. O-O Rf4 20. Qe3 h6 21.
Rfe1 Kf8 22. Nd2 Rf7 23. Nf3 Qxe3 24. Rxe3 Bxc4 25. Nxe5 Bxa2 26. Nxf7 Bxf7 27.
Rf3 c4 28. Rxf7+ Kxf7 29. Bxc4+ Ke7 30. Rxd8 Kxd8 31. Kf1 Ke7 32. Ke2 Kd6 33.
f4 Bd4 34. b3 Bb2 35. Kd3 a5 1/2-1/2

[Event "6th K. Asrian Memorial"]
[Site "Jermuk"]
[Date "2013.06.22"]
[Round "7"]
[Board "6"]
[White "Kalashian, David"]
[Black "Arutinian, David"]
[Result "1/2-1/2"]
[WhiteElo "2419"]
[BlackElo "2543"]
[PlyCount "151"]
[EventDate "2013.06.16"]
[EventRounds "9"]
[EventCountry "ARM"]

1. d4 c5 2. d5 Nf6 3. c4 g6 4. Nc3 Bg7 5. e4 d6 6. Be2 O-O 7. Bg5 e6 8. Nf3
exd5 9. exd5 Bg4 10. O-O Nbd7 11. h3 Bxf3 12. Bxf3 a6 13. a4 Re8 14. Qc2 Qb6
15. Bd2 Qc7 16. Rfe1 Nf8 17. Rxe8 Rxe8 18. Re1 N8d7 19. Rxe8+ Nxe8 20. Be2 Qd8
21. Bf1 Qh4 22. a5 Bd4 23. Nd1 Qd8 24. Qb3 Qc7 25. Ne3 Nef6 26. Nc2 Ne4 27. Be1
Bg7 28. Qe3 Nef6 29. b4 cxb4 30. Bxb4 Nc5 31. Nd4 Bf8 32. Qg5 Nfe4 33. Qf4 Qe7
34. Nc2 h5 35. Qe3 Nd7 36. Nd4 Nec5 37. Qxe7 Bxe7 38. Be2 Bf6 39. Nc2 Bd8 40.
Nd4 Bf6 41. Nc2 Kf8 42. f4 Ke7 43. g4 hxg4 44. hxg4 g5 45. fxg5 Bxg5 46. Kg2
Nb3 47. Bd1 Ndc5 48. Bc3 Bd2 49. Nd4 Bxc3 50. Nxb3 Nxb3 51. Bxb3 Bxa5 52. Ba4
Kd8 53. Kf3 f6 54. Ke4 Kc7 55. Kd3 Be1 56. Be8 Kb6 57. Bd7 Kc5 58. Bc8 Kb4 59.
Bxb7 a5 60. Kc2 Bc3 61. c5 dxc5 62. d6 Be5 63. d7 Bc7 64. Be4 c4 65. Kb2 Bb6
66. Bb1 Bd8 67. Ba2 Bc7 68. Kc2 Bb6 69. Kb2 Bd8 70. Kc2 a4 71. Kb2 Bc7 72. Kc2
Bb6 73. Kb2 Bd8 74. Kc2 Kc5 75. Kb2 Kd4 76. Ka3 1/2-1/2

[Event "6th K. Asrian Memorial"]
[Site "Jermuk"]
[Date "2013.06.22"]
[Round "7"]
[Board "7"]
[White "Gorovets, Andrey"]
[Black "Chibukhchian, Artur"]
[Result "1-0"]
[WhiteElo "2470"]
[BlackElo "2450"]
[PlyCount "143"]
[EventDate "2013.06.16"]
[EventRounds "9"]
[EventCountry "ARM"]

1. d4 Nf6 2. c4 e6 3. Nc3 Bb4 4. a3 Bxc3+ 5. bxc3 c5 6. f3 d5 7. e3 O-O 8. cxd5
Nxd5 9. c4 Nf6 10. Bb2 cxd4 11. exd4 Nc6 12. Bd3 b6 13. Ne2 Ba6 14. Bc3 Rc8 15.
O-O Nb8 16. Bb4 Re8 17. Rc1 Qd7 18. Qb3 Nc6 19. Rfd1 Rc7 20. Bc3 Ne7 21. Be1
Rec8 22. Bg3 Rc6 23. Be5 Ng6 24. Bxf6 gxf6 25. Qa4 Bb7 26. c5 R6c7 27. Qxd7
Rxd7 28. cxb6 axb6 29. Rxc8+ Bxc8 30. Rc1 Ne7 31. Rb1 Rd6 32. Bb5 f5 33. Rb4
Nd5 34. Rc4 Bd7 35. Bxd7 Rxd7 36. Kf2 f4 37. g3 fxg3+ 38. hxg3 h5 39. a4 Kg7
40. Nc1 Ra7 41. Ke2 Kg6 42. Kd2 Kf5 43. Nd3 f6 44. Nb4 Rxa4 45. Nxd5 Ra2+ 46.
Ke3 exd5 47. Rc6 Rg2 48. Rxb6 Rxg3 49. Rd6 Rg5 50. Rxd5+ Ke6 51. Rd8 Ke7 52.
Ra8 Kf7 53. Ke4 Ke6 54. Ra6+ Kf7 55. f4 Rb5 56. f5 h4 57. Ra7+ Kg8 58. Ra3 Rb7
59. Kf4 Rd7 60. Rd3 Rd5 61. Ke4 Rd7 62. d5 Re7+ 63. Kf4 Kf8 64. d6 Re8 65. Kg4
Re4+ 66. Kh5 Ke8 67. d7+ Kd8 68. Kg6 Re7 69. Kxf6 Rxd7 70. Rh3 Rd4 71. Kf7 Kd7
72. f6 1-0